El único país que limita con... - Estadísticas

Estadísticas generales
  • Esta prueba ha sido intentada 31 veces
  • La puntuación promedio es 12 de 15
Estadísticas de respuestas
Países limítrofes País % Correcto
Malasia; Timor Oriental. Indonesia
100%
Nicaragua; Panamá Costa Rica
88%
México; Honduras Guatemala
88%
Colombia; Chile Perú
88%
Noruega; Corea del Norte Rusia
88%
Laos; Mongolia China
83%
Canadá; México Estados Unidos
83%
Somalia; Sudán Etiopía
83%
Gabón; Nigeria Camerún
79%
Myanmar; Nepal India
79%
Guinea; Argelia Malí
79%
Botsuana; República Democrática del Congo Zambia
79%
Bulgaria; Croacia Serbia
75%
Eslovenia; Ucrania Hungría
71%
Turquía; Pakistán Irán
71%
No se encontraron pruebas coincidentes
Distribución de puntuación
Porcentaje de gente con cada puntuación
Porcentaje por número respondido
Historial de tus puntuaciones
No has intentado esta prueba.